[Event "11th Donau Open"]
[Site "Aschach AUT"]
[Date "2002.12.27"]
[Round "3"]
[White "Hardicsay,P"]
[Black "Horvath,Cs"]
[Result "1/2-1/2"]
[WhiteElo "2309"]
[BlackElo "2506"]

1.e4 c5 2.c3 Nf6 3.e5 Nd5 4.Nf3 e6 5.g3 Nc6 6.Bg2 d6 7.exd6 Bxd6 8.O-O O-O
9.d4 cxd4 10.Nxd4 Nxd4 11.Qxd4 Qc7 12.Nd2 Rd8 13.Qc4 Rb8 14.Qxc7 Bxc7 15.Re1 e5
16.a3 Be6 17.Ne4 f6 18.Nc5 Bc8 19.Rd1 Nb6  1/2-1/2

[Event "TSGM Dec"]
[Site "Belgrade YUG"]
[Date "2002.12.27"]
[Round "7"]
[White "Dimitrijevic,A"]
[Black "Matulovic,M"]
[Result "1/2-1/2"]
[WhiteElo "2336"]
[BlackElo "2423"]

1.e4 c5 2.c3 Nf6 3.e5 Nd5 4.d4 cxd4 5.Nf3 Nc6 6.Bc4 Nb6 7.Bb3 d5 8.exd6 Qxd6
9.Na3 a6 10.O-O e6 11.cxd4 Be7 12.Re1 O-O 13.Qd3 Nb4 14.Qe4 N4d5 15.Bc2 g6
16.Bh6 Rd8 17.Ne5 Bd7 18.Qf3 Be8 19.Rad1 Rac8 20.Bb3 Qc7 21.Nc2 a5 22.Ne3 Nxe3
23.fxe3 Nd7 24.Ng4 b5 25.a4 bxa4 26.Bxa4 f5 27.Nf2 Ne5 28.dxe5 Bxa4 29.Rxd8+ Rxd8
30.e4 Qxe5 31.Bf4 Qc5 32.exf5 Qxf5 33.Ng4 Qc5+ 34.Kh1 Rf8 35.Qg3 Qc4 36.Be3 Rf1+
37.Rxf1 Qxf1+ 38.Bg1 Bc6 39.Ne3 Qb5 40.Qc7 Bf8 41.Ng4 Qb7 42.Nf6+ Kh8 43.Qxb7 Bxb7
44.Bd4 Bg7 45.Be5 h5 46.h4 a4 47.Kg1 Bxf6 48.Bxf6+ Kg8 49.g3 Kf7 50.Be5 Ke7
51.Kf2 Kd7 52.Ke3 Kc6 53.Kf4 Kd5 54.Bh8 Ba6 55.Be5 Bd3 56.Bh8 Bf5 57.Be5 Kc4
58.Bh8 Kb3 59.Be5 Kc2 60.Bh8 Kb3 61.Be5 Kc2 62.Bh8 Kb3  1/2-1/2

[Event "32nd Rilton Cup"]
[Site "Stockholm SWE"]
[Date "2002.12.27"]
[Round "1"]
[White "Nystrom,R"]
[Black "Barkhagen,J"]
[Result "0-1"]
[WhiteElo "2123"]
[BlackElo "2458"]

1.e4 c5 2.c3 Nf6 3.e5 Nd5 4.d4 cxd4 5.cxd4 Nc6 6.Nf3 d6 7.exd6 Qxd6 8.Nc3 g6
9.Nxd5 Qxd5 10.Be2 Bg7 11.Be3 O-O 12.Qa4 Bd7 13.Bc4 Qd6 14.Qb3 Na5 15.Qc3 Nxc4
16.Qxc4 Rac8 17.Qb3 Qa6 18.Nd2 Be6 19.Qd1 Bf5 20.f3 Rc2 21.b3 Qd3 22.Qe2 Qc3
23.Rd1 Bd3 24.Qf2 Rc1  0-1

[Event "32nd Rilton Cup"]
[Site "Stockholm SWE"]
[Date "2002.12.29"]
[Round "3"]
[White "Brynell,S"]
[Black "Bellon Lopez,JuM"]
[Result "1/2-1/2"]
[WhiteElo "2524"]
[BlackElo "2428"]

1.e4 c5 2.c3 Nf6 3.e5 Nd5 4.d4 cxd4 5.Nf3 e6 6.cxd4 d6 7.Bc4 Nb6 8.Bd3 Bd7
9.O-O Bc6 10.Nc3 N8d7 11.Qe2 a6 12.Rd1 Bxf3 13.Qxf3 d5 14.Qg4 g6 15.Bg5 Be7
16.Bh6 Bf8 17.Bg5 Be7 18.Bh6 Bf8 19.Qf4 Bxh6 20.Qxh6 Qe7 21.Rac1 Nb8 22.Na4 N8d7
23.Nc5 Nxc5 24.dxc5 Na4 25.c6 bxc6 26.Rxc6 Nxb2 27.Rd2 Nxd3 28.Rxd3 Qb4 29.Rd1 Rd8
30.g3 d4 31.Qg7 Rf8 32.Rd6 Rxd6 33.exd6 d3 34.Qe5 Kd7 35.Qe3 Rb8 36.Qxd3 Rb6
37.Qf3 f5 38.Qa8 Rxd6 39.Rc1 Qd2 40.Rb1 Rc6 41.Rb7+ Rc7 42.Rxc7+ Kxc7 43.Qa7+ Kd8
44.Qxa6 Qe1+ 45.Qf1 Qc3 46.h4 f4 47.gxf4 Qf3 48.Qg2 Qd1+ 49.Kh2 Qa4 50.Qg5+ Kd7
51.Qh6 Qxa2 52.Qxh7+ Kd6 53.Kg3 Qb1 54.Qa7 Qg1+ 55.Kf3 Qh1+ 56.Ke3 Qe1+ 57.Kd3 Qd1+
58.Ke4 Qh1+ 59.Ke3  1/2-1/2

[Event "TCh-NOR Qualifier"]
[Site "NOR"]
[Date "2002.??.??"]
[Round "2"]
[White "Skytte,R"]
[Black "Fossan,E"]
[Result "1/2-1/2"]
[WhiteElo "2349"]
[BlackElo "2389"]

1.e4 c5 2.c3 Nf6 3.e5 Nd5 4.d4 cxd4 5.Nf3 Nc6 6.Bc4 Nb6 7.Bb3 d5 8.exd6 Qxd6
9.O-O Be6 10.Na3 Bxb3 11.Qxb3 Qd5 12.Nb5 Rc8 13.Nfxd4 Nxd4 14.Nxd4 e6 15.Rd1 Bc5
16.Qb5+ Ke7 17.Qe2 Rhd8 18.Qg4 Kf8 19.Bg5 Rd7 20.Nb3 Qc6 21.Nxc5 Qxc5 22.Be3 Qc6
23.Rxd7 Nxd7 24.Rd1 b6 25.Qb4+ Nc5 26.Qh4 h6 27.Rd8+ Rxd8 28.Qxd8+ Qe8 29.Qd6+ Kg8
30.Bxc5 bxc5 31.Qxc5 Qa4 32.h3 Qxa2 33.b4 a6 34.c4 Qc2 35.g3 Kh7 36.h4 g6
37.Kh2 h5 38.Qd4 e5 39.Qc5 e4 40.Kg2 e3 41.Qxe3 Qxc4  1/2-1/2

[Event "TCh-NOR Qualifier"]
[Site "NOR"]
[Date "2002.??.??"]
[Round "7"]
[White "Berg,AH"]
[Black "Jansson,J"]
[Result "0-1"]
[WhiteElo "2060"]
[BlackElo "2259"]

1.e4 c5 2.c3 Nf6 3.e5 Nd5 4.d4 d6 5.Nf3 Bg4 6.Bb5+ Nc6 7.O-O Qb6 8.c4 Nc7
9.Bxc6+ bxc6 10.exd6 exd6 11.Re1+ Be7 12.Bg5 f6 13.Bf4 Ne6 14.Bxd6 Bxd6 15.d5 O-O-O
16.h3 Bxf3 17.Qxf3 Nd4 18.Qg4+ f5 19.Qxg7 Nf3+  0-1

[Event "38th Junior"]
[Site "Hallsberg SWE"]
[Date "2003.01.04"]
[Round "8"]
[White "Szabo,G ROM"]
[Black "Tan,Kev"]
[Result "1/2-1/2"]
[WhiteElo "2376"]
[BlackElo "2222"]

1.e4 c5 2.c3 Nf6 3.e5 Nd5 4.d4 cxd4 5.Nf3 b6 6.cxd4 Bb7 7.Nc3 Nxc3 8.bxc3 e6
9.Bd3 Qc7 10.Bd2 d6 11.O-O Nd7 12.Ng5 dxe5 13.Qh5 g6 14.Qh3 Be7 15.Rae1 Bxg5
16.Bxg5 f5 17.f4 Qxc3 18.fxe5 Qxd4+ 19.Kh1 O-O 20.Rd1 Qg4 21.Qxg4 fxg4 22.Bc4 Nc5
23.Bf6 Ba6 24.Bxa6 Nxa6 25.Rf4 Rf7 26.Rxg4 Nc7 27.Rd6 Re8 28.Ra4 Nd5 29.g4 Nxf6
30.exf6 g5 31.h4 h6 32.h5 Rc7 33.Rad4 Kf7 34.Rd7+ Rxd7 35.Rxd7+ Kxf6 36.Rh7 Rc8
37.Rxh6+ Ke5 38.Kg2 Rc2+ 39.Kf3 Rxa2 40.Rg6 Ra3+ 41.Kg2 Kf4 42.h6 Kxg4 43.Rxg5+  1/2-1/2

[Event "TCh2-BEL 2002-3"]
[Site "Belgium BEL"]
[Date "2003.01.06"]
[Round "6"]
[White "Weemaes,R"]
[Black "Wemmers,X"]
[Result "0-1"]
[WhiteElo "2304"]
[BlackElo "2303"]

1.e4 c5 2.c3 Nf6 3.e5 Nd5 4.d4 cxd4 5.cxd4 e6 6.Nc3 Nxc3 7.bxc3 Qc7 8.Bd2 d6
9.Nf3 Nd7 10.exd6 Bxd6 11.Bd3 O-O 12.Qe2 Nf6 13.O-O Bf4 14.a4 Bxd2 15.Qxd2 b6
16.a5 Bb7 17.Ne5 Rfd8 18.Rfe1 Rac8 19.axb6 axb6 20.Ra3 Ra8 21.Rb3 Nd7 22.Nxd7 Rxd7
23.Reb1 Rd6 24.Qe2 g6 25.h4 Ra5 26.Be4 Bxe4 27.Qxe4 Rc6 28.Qe3 Qd8 29.Qf3 Rd6
30.g3 e5 31.Qe3 exd4 32.cxd4 Rad5 33.Re1 Re6 34.Qc1 Rxe1+ 35.Qxe1 Rxd4 36.Kh2 Rd6
37.Re3 Qf6 38.Kg2 Re6 39.Rxe6 Qxe6 40.Qb4 h5 41.f3 Qe2+  0-1

[Event "ch-NZL"]
[Site "Wanganui NZL"]
[Date "2003.01.07"]
[Round "7"]
[White "Ker,A"]
[Black "Croad,N"]
[Result "1-0"]
[WhiteElo "2336"]
[BlackElo "2202"]

1.e4 c5 2.c3 Nf6 3.e5 Nd5 4.d4 cxd4 5.Nf3 d6 6.cxd4 Nc6 7.Nc3 Nxc3 8.bxc3 e6
9.exd6 Bxd6 10.Bd3 Qc7 11.O-O h6 12.Re1 Bd7 13.Qe2 O-O-O 14.Rb1 Kb8 15.c4 Bc8
16.Be3 Rhe8 17.c5 Be7 18.Bb5 f6 19.Bf4 Qxf4 20.Bxc6  1-0

[Event "Troll Masters"]
[Site "Gausdal NOR"]
[Date "2003.01.09"]
[Round "3"]
[White "Molander,R"]
[Black "Valenti,G"]
[Result "0-1"]
[WhiteElo "2291"]
[BlackElo "2230"]

1.e4 c5 2.c3 Nf6 3.e5 Nd5 4.d4 cxd4 5.Nf3 e6 6.cxd4 d6 7.Bc4 Nb6 8.Bb3 Nc6
9.O-O Be7 10.exd6 Bxd6 11.Nc3 O-O 12.Re1 Be7 13.a3 Bf6 14.Be3 Nd5 15.Nxd5 exd5
16.Ne5 Bxe5 17.dxe5 d4 18.Bf4 Bf5 19.Qf3 Re8 20.Bd5 Qd7 21.Rac1 Rac8 22.Bc4 d3
23.Qe3 Rcd8 24.Rcd1 Qd4 25.Bb5 Qxb2 26.Bxd3 Bxd3 27.Rxd3 Rxd3 28.Qxd3 Rd8
29.Qe4 Qxa3 30.e6 Qe7 31.exf7+ Qxf7 32.Bg5 Rf8 33.Be3 Re8 34.Qb1 h6 35.Rd1 Re7
36.h3 Rd7 37.Rc1 Qd5 38.Qg6 Qf7 39.Qb1 Rd8 40.Qb5 Rd5 41.Qb1 Qd7 42.Qa2 Kh8
43.Rc4 Rd1+ 44.Kh2 Qd6+ 45.Bf4 Qe6 46.Qa4 Rd7 47.Re4 Qg6 48.f3 Qf5 49.Re8+ Kh7
50.Bg3 Rd2 51.Be1 Rxg2+ 52.Kxg2 Qg6+ 53.Kf2 Qxe8 54.Bc3 Qh5 55.Qe4+ Qg6 56.Qe2 Qf5
57.Qb2 Qc5+ 58.Kf1 Qc4+ 59.Kg2 Qf7 60.Kf2 a6 61.Qb1+ Qg6 62.Qc1 b5 63.Ba1 Nb4
64.Qd2 Qc2 65.Qxc2+ Nxc2 66.Be5 Na3 67.Ke2 Nc4 68.Bd4 g5 69.Kd3 Kg6 70.Ke4 Nd2+
71.Ke3 Nb3 72.Bb6 Kf5 73.Kd3 a5 74.Kc3 a4 75.Be3 Na5 76.Kb4 Nc4 77.Bd4 Nd2
78.Kxb5 Nxf3 79.Bg7 h5 80.Kxa4 Ng1 81.Kb3 Nxh3 82.Kc2 Ke4 83.Kd2 Kf3 84.Ke1 Kg2
85.Be5 Nf4 86.Bf6 g4 87.Bg5 Ne6 88.Bh4 Nd4 89.Bf2 Nf3+ 90.Ke2 h4 91.Be3 h3
92.Bf4 g3  0-1

[Event "TCh-FIN 2002-3"]
[Site "Finland FIN"]
[Date "2003.01.11"]
[Round "6"]
[White "Kokkila,T"]
[Black "Karttunen,M"]
[Result "1/2-1/2"]
[WhiteElo "2307"]
[BlackElo "2434"]

1.e4 c5 2.c3 Nf6 3.e5 Nd5 4.Nf3 e6 5.d4 cxd4 6.cxd4 b6 7.Nc3 Nxc3 8.bxc3 Qc7
9.Bb2 d6 10.Bb5+ Bd7 11.Bd3 Nc6 12.exd6 Bxd6 13.O-O O-O 14.c4 h6 15.Qe2 Rfe8
16.Ne5 Nxe5 17.dxe5 Bf8 18.Rac1 Bc6 19.Bb1 Rad8 20.Rc3 Qd7 21.Rd3 Qe7 22.Rg3 Qb4  1/2-1/2

[Event "Troll Masters"]
[Site "Gausdal NOR"]
[Date "2003.01.13"]
[Round "8"]
[White "Gamback,B"]
[Black "Agopov,M"]
[Result "0-1"]
[WhiteElo "2213"]
[BlackElo "2376"]

1.e4 c5 2.c3 Nf6 3.e5 Nd5 4.d4 cxd4 5.Nf3 Nc6 6.Bc4 Nb6 7.Bb3 g6 8.Ng5 d5
9.exd6 e6 10.Qf3 Ne5 11.Qe4 Bg7 12.cxd4 Nec4 13.Nf3 O-O 14.Qe2 Nxd6 15.Bg5 Qe8
16.Nc3 Bd7 17.O-O Bc6 18.Rad1 Nf5 19.Rfe1 Bxf3 20.Qxf3 Nxd4 21.Qxb7 Nxb3
22.axb3 Qc8 23.Qf3 Rb8 24.Bf6 Qb7 25.Qxb7 Rxb7 26.Bxg7 Kxg7 27.Rd3 Rfb8 28.Ree3 Nc8
29.Ne4 Ne7 30.Nd6 Rc7 31.Nc4 Nd5 32.Re1 Rbb7 33.Nd2 Nb4 34.Rd6 Rc8 35.Nc4 Nd5
36.Rxd5 exd5 37.Nd6 Re7 38.Nxc8 Rxe1+  0-1

[Event "TSGM Jan"]
[Site "Novi Sad YUG"]
[Date "2003.01.20"]
[Round "4"]
[White "Savic,Miod1"]
[Black "Feletar,D"]
[Result "1/2-1/2"]
[WhiteElo "2506"]
[BlackElo "2434"]

1.e4 c5 2.c3 Nf6 3.e5 Nd5 4.Nf3 e6 5.g3 d6 6.Bg2 dxe5 7.Nxe5 Nd7 8.Nc4 Be7
9.O-O O-O 10.a4 b6 11.Qb3 Rb8 12.d3 Bb7 13.Nbd2 Qc7 14.Re1 Rfd8 15.Nf3 Bf6
16.Bd2 Bc6 17.Qc2 a6 18.Bg5 b5 19.axb5 axb5 20.Ncd2 h6 21.Bxf6 N5xf6 22.Ne4 Nxe4
23.dxe4 Qb7 24.Qe2 Ra8 25.Rad1 Qc7 26.Qe3 Bb7 27.h3 Ne5 28.Nxe5 Qxe5 29.Rd2 Qc7
30.Red1 c4 31.Kh2 Rxd2 32.Qxd2 Bc6 33.Qd6 Qb7 34.Rd4 Re8 35.Qe5 f6 36.Qh5 e5
37.Rd2 Qc7 38.Qd1 Kf8 39.h4 Ke7 40.Qg4 Kf8 41.Qg6 Rd8 42.Rxd8+ Qxd8 43.Qh7 Qd2
44.Qh8+ Kf7 45.Qc8 Qd7 46.Qa6 Qb7 47.Qxb7+ Bxb7 48.f3 Bc8 49.Bh3 Ba6 50.Bd7 Ke7
51.Bf5 Bb7 52.Kh3 Bc6 53.Kg2  1/2-1/2

[Event "Kaissa Open"]
[Site "Kharkov UKR"]
[Date "2003.01.21"]
[Round "1"]
[White "Gutsko,A"]
[Black "Rogovski,V"]
[Result "0-1"]
[WhiteElo "2124"]
[BlackElo "2457"]

1.e4 c5 2.c3 Nf6 3.e5 Nd5 4.d4 cxd4 5.cxd4 e6 6.Nf3 b6 7.a3 Be7 8.Bd3 Ba6
9.O-O O-O 10.Nc3 Nxc3 11.bxc3 Bxd3 12.Qxd3 d5 13.exd6 Qxd6 14.a4 Nc6 15.Ba3 Qc7
16.Bxe7 Qxe7 17.Rfe1 Rfd8 18.Nd2 Na5 19.Re3 Rac8 20.Rh3 h6 21.Re1 Qd7 22.Qg3 Qc7
23.Qg4 Rd5 24.Ne4 Kf8 25.Rg3 f5 26.Qf3 Qf7 27.Nd2 Nc4 28.Nxc4 Rxc4 29.Qe2 Rxa4
30.Re3 Rd6 31.c4 Rxd4 32.Rxe6 Kg8 33.Re7 Re4 34.Rxe4 fxe4 35.Qxe4 Rxc4 36.Qa8+ Kh7
37.g3  0-1

[Event "Open"]
[Site "Auckland AUS"]
[Date "2003.01.29"]
[Round "6"]
[White "Van der Hoorn,M"]
[Black "Safarian,A"]
[Result "1-0"]
[WhiteElo "2143"]
[BlackElo "2058"]

1.e4 c5 2.c3 Nf6 3.e5 Nd5 4.d4 cxd4 5.Nf3 e6 6.cxd4 Nc6 7.a3 d6 8.Bd3 dxe5
9.dxe5 Qc7 10.O-O g6 11.Re1 Bg7 12.Nbd2 Nxe5 13.Nxe5 Bxe5 14.Nf3 Bg7 15.Bb5+ Kf8
16.Qxd5  1-0

[Event "Gibraltar Masters"]
[Site "Catalan Bay ENG"]
[Date "2003.01.31"]
[Round "4"]
[White "Cherniaev,A1"]
[Black "Pavlovic,Mi"]
[Result "1-0"]
[WhiteElo "2504"]
[BlackElo "2560"]

1.e4 c5 2.c3 Nf6 3.e5 Nd5 4.Nf3 e6 5.Bc4 d6 6.d4 cxd4 7.cxd4 Be7 8.O-O O-O
9.Re1 dxe5 10.dxe5 b6 11.Qd4 Ba6 12.Qg4 Bxc4 13.Bh6 Bf6 14.Qxc4 gxh6 15.exf6 Qxf6
16.Ne5 Rd8 17.Nc3 Nxc3 18.bxc3 Nd7 19.Ng4 Qg5 20.Re3 Rac8 21.Qd4 Nf8 22.Qa4 Ng6
23.Ne5 a5 24.Rae1 Rc5 25.Nf3 Qf6 26.Qb3 Rd6 27.h3 Kg7 28.a4 Nf4 29.Ne5 Rxe5
30.Rxe5 Rd2 31.Qxb6 Qg6 32.g3 Nxh3+ 33.Kg2 Nxf2 34.R5e2 Ne4 35.Qe3 Rxe2+
36.Rxe2 f5 37.Rb2 Qg4 38.Rb8 Kf6 39.Qd4+  1-0

[Event "National I"]
[Site "Montpellier FRA"]
[Date "2003.02.01"]
[Round "2"]
[White "Brochet,P"]
[Black "Sarthou,G"]
[Result "1-0"]
[WhiteElo "2407"]
[BlackElo "2375"]

1.e4 c5 2.c3 Nf6 3.e5 Nd5 4.d4 cxd4 5.Nf3 Nc6 6.cxd4 d6 7.Bc4 Nb6 8.Bb3 dxe5
9.d5 Na5 10.Nc3 f6 11.Be3 e6 12.Nxe5 fxe5 13.Qh5+ g6 14.Qxe5 Nxb3 15.axb3 Rg8
16.dxe6 Qd6 17.Qb5+ Qc6 18.Bxb6 Bg7 19.O-O Bxc3 20.Qxc6+ bxc6 21.bxc3 Bxe6
22.Bxa7 Bxb3 23.Rfe1+ Kf7 24.Reb1 Bc2 25.Rb7+ Ke6 26.Rxh7 Kd5 27.Ra5+ Kc4
28.Rc5+ Kd3 29.Rd7+  1-0

[Event "Gibraltar Masters"]
[Site "Catalan Bay ENG"]
[Date "2003.02.02"]
[Round "6"]
[White "Zak,Uri1"]
[Black "Pavlovic,Mi"]
[Result "0-1"]
[WhiteElo "2341"]
[BlackElo "2560"]

1.e4 c5 2.c3 Nf6 3.e5 Nd5 4.Nf3 e6 5.g3 d6 6.Bg2 Nc6 7.exd6 Bxd6 8.d4 cxd4
9.Nxd4 Nxd4 10.Qxd4 O-O 11.O-O Qc7 12.Rd1 Bc5 13.Qg4 f5 14.Qf3 Bd7 15.Nd2 Rae8
16.c4 Nf6 17.Nb3 Bc6 18.Qe2 Bxg2 19.Kxg2 e5 20.Be3 Bxe3 21.Qxe3 f4 22.Qxa7 f3+
23.Kh1 Qc8 24.Rg1 Qh3  0-1

[Event "Gibraltar Masters"]
[Site "Catalan Bay ENG"]
[Date "2003.02.03"]
[Round "7"]
[White "Schmitz,A"]
[Black "Cramling,P"]
[Result "0-1"]
[WhiteElo "2131"]
[BlackElo "2492"]

1.e4 c5 2.c3 Nf6 3.e5 Nd5 4.d4 cxd4 5.cxd4 d6 6.Nf3 e6 7.Bd2 Bd7 8.Nc3 Bc6
9.Bb5 Nxc3 10.Bxc6+ Nxc6 11.Bxc3 d5 12.O-O Be7 13.Ne1 b5 14.b3 Rc8 15.Qd2 Qb6
16.f4 O-O 17.Nf3 a5 18.Qd3 Rc7 19.a4 bxa4 20.bxa4 Nb4 21.Bxb4 axb4 22.a5 Qa7
23.Rfb1 Rc3 24.Qd1 Rfc8 25.Rb3 R3c4 26.Kh1 Rb8 27.Qd3 Rb5 28.h3 Rxa5 29.Rxa5 Qxa5
30.Ng5 Bxg5 31.fxg5 Qa1+ 32.Rb1 Qxd4 33.Qb3 Qxe5 34.Qa4 Qb8 35.g3 g6 36.Rf1 b3  0-1

[Event "Bermuda Open"]
[Site "Southampton BER"]
[Date "2003.02.08"]
[Round "2"]
[White "Nakamura,A"]
[Black "Kallio,H"]
[Result "0-1"]
[WhiteElo "2162"]
[BlackElo "2474"]

1.e4 c5 2.c3 Nf6 3.e5 Nd5 4.d4 cxd4 5.Nf3 Nc6 6.Bc4 Nb6 7.Bb3 g6 8.Ng5 e6
9.Ne4 Nxe5 10.Bg5 Be7 11.Bxe7 Qxe7 12.Qxd4 f6 13.f4 Nc6 14.Qxf6 Qxf6 15.Nxf6+ Ke7
16.Ng4 a5 17.Na3 d6 18.O-O Rf8 19.Ne3 a4 20.Bc2 e5 21.fxe5 Rxf1+ 22.Rxf1 Nxe5
23.Nb5 Ra5 24.Nd4 Rc5 25.Rf4 Bd7 26.Nf3 Nxf3+ 27.Rxf3 Nd5 28.Be4 Nf6 29.Bxb7 Rb5
30.Ba8 Rxb2 31.Nd5+ Nxd5 32.Bxd5 Rd2 33.Bc4 d5 34.Rd3 Rxd3 35.Bxd3 a3 36.Bc2 Kd6
37.Kf2 Bb5 38.Bb3 Bd3 39.Ke3 Be4 40.g3 Ke5 41.Bd1 g5 42.h4 Bb1 43.Bb3 g4
44.Kd2 Ke4 45.Ke2 Bd3+ 46.Kf2 Bc4 47.Bc2+ Ke5 48.Bb1 d4 49.cxd4+ Kxd4 50.h5 h6  0-1

[Event "11th Aosta Open"]
[Site "Saint Vincent ITA"]
[Date "2003.02.10"]
[Round "3"]
[White "Bellia,F"]
[Black "Huzman,A"]
[Result "1/2-1/2"]
[WhiteElo "2410"]
[BlackElo "2589"]

1.e4 c5 2.c3 Nf6 3.e5 Nd5 4.d4 cxd4 5.Nf3 Nc6 6.Bc4 Nb6 7.Bb3 d5 8.exd6 Qxd6
9.O-O Be6 10.Bxe6 Qxe6 11.Nxd4 Nxd4 12.Qxd4 Rd8 13.Qh4 Qe2 14.Be3 Qxb2  1/2-1/2

[Event "11th Aosta Open"]
[Site "Saint Vincent ITA"]
[Date "2003.02.13"]
[Round "6"]
[White "Isonzo,D"]
[Black "Relange,E"]
[Result "0-1"]
[WhiteElo "2338"]
[BlackElo "2499"]

1.e4 c5 2.c3 Nf6 3.e5 Nd5 4.d4 cxd4 5.Qxd4 e6 6.Nf3 Nc6 7.Qe4 b6 8.Bc4 Nde7
9.Na3 Bb7 10.Nb5 Ng6 11.Bg5 Qb8 12.O-O-O Ncxe5 13.Qe2 Bxf3 14.gxf3 a6 15.Rxd7 Nxd7
16.Bxe6 Nde5 17.Bd5 Be7 18.Bxe7 Kxe7 19.Nd4 Rc8 20.Bxa8 Qxa8 21.Rd1 Kf8 22.f4 Nc6
23.f5  0-1

[Event "TCh-CZE 2002-3"]
[Site "Czech Rep CZE"]
[Date "2003.02.16"]
[Round "7"]
[White "Olsar,J"]
[Black "Cvek,R"]
[Result "0-1"]
[WhiteElo "2309"]
[BlackElo "2429"]

1.e4 c5 2.c3 Nf6 3.e5 Nd5 4.d4 cxd4 5.Nf3 e6 6.cxd4 d6 7.Bc4 Nb6 8.Bb3 dxe5
9.dxe5 Qxd1+ 10.Bxd1 Nc6 11.O-O Bd7 12.a3 Rc8 13.Nc3 Na5 14.Re1 h6 15.Nd4 a6
16.Ne4 Nc6 17.Nxc6 Bxc6 18.Bd2 Be7 19.Rc1 O-O 20.Bb3 Bd5 21.Bxd5 Nxd5 22.Rxc8 Rxc8
23.Rc1 Rd8 24.Kf1 Kh7 25.g4 g5 26.Kg2 Kg6 27.Kf3 Bf8 28.Re1 Bg7 29.Nc5 Rc8
30.Nd3 Rc4 31.Re4 b5 32.Ba5 Rc8 33.Re2 h5 34.h3 Bf8 35.Re1 h4 36.Re2 Be7
37.Re1 Bf8 38.Re2 Bg7 39.Bd2 Nb6 40.Bc3 Bf8 41.Bd4 Nd5 42.Re4 a5 43.Re1 Rc4
44.Be3 Bg7 45.Re2 a4 46.Re1 b4 47.axb4 Nxb4 48.Nxb4 Rxb4 49.Bc1 Rb5 50.Re4 Bxe5
51.Rxa4 Bxb2 52.Be3 f5 53.gxf5+ Kxf5 54.Rc4 Rb3 55.Rg4 Bf6 56.Rc4 Rd3 57.Ra4 Be5
58.Ra5 Rd5 59.Ra8 Bf6 60.Ra4 Be7 61.Rc4 e5 62.Rg4 Rd1 63.Ra4 Bf6 64.Rb4 Rd6
65.Ra4 Re6 66.Ra5 Be7 67.Rb5 Rg6 68.Ra5 Rc6 69.Ra4 Rc3 70.Ra5 Rc4 71.Rb5 Bf6
72.Ra5 g4+ 73.hxg4+ Rxg4 74.Ke2 h3 75.Ra1 Rg2 76.Rh1 Kg4 77.Kf1 Bh4 78.Bc5 e4
79.Be3 Bg3 80.Bd4 Bf4 81.Bc3 Kh4 82.Be1 Bd6 83.Bc3 Rg6 84.Be1 h2 85.f3+ Kh3
86.fxe4 Rf6+  0-1

[Event "Jersey Open"]
[Site "Jersey JCI"]
[Date "2003.02.17"]
[Round "2"]
[White "Hanley,C"]
[Black "Clark,IC"]
[Result "1-0"]
[WhiteElo "2359"]
[BlackElo "2119"]

1.e4 c5 2.c3 Nf6 3.e5 Nd5 4.Nf3 e6 5.d4 cxd4 6.cxd4 Nc6 7.Bc4 Bb4+ 8.Bd2 Nb6
9.Bb5 Be7 10.Nc3 O-O 11.O-O d6 12.Ne4 dxe5 13.Bxc6 bxc6 14.dxe5 Ba6 15.Re1 Nd5
16.Bg5 Rb8 17.Qa4 Bd3 18.Bxe7 Qxe7 19.Nd6 Nb4 20.Nd4 c5 21.a3 Qh4 22.Nf3 Qf4
23.axb4 Rxb4 24.Qxa7 g5 25.Qxc5 g4 26.Qe3 gxf3 27.Qxd3 Rxb2 28.Ne4 Qxe5 29.Qxf3 f5
30.Ng5 Qf6 31.Qh5 Rb7 32.Nxe6  1-0

[Event "11th Vasja Pirc Mem"]
[Site "Maribor SLO"]
[Date "2003.02.18"]
[Round "3"]
[White "Ragger,M"]
[Black "Sakelsek,T"]
[Result "1/2-1/2"]
[WhiteElo "2265"]
[BlackElo "2320"]

1.e4 c5 2.c3 Nf6 3.e5 Nd5 4.Nf3 Nc6 5.Na3 g6 6.Ng5 e6 7.Ne4 f5 8.Nd6+ Bxd6
9.exd6 Qf6 10.Bc4 a6 11.O-O O-O 12.d3 b5 13.Bxd5 exd5 14.Qf3 Qf7 15.Bh6 Re8
16.Nc2 Bb7 17.Rfe1 Ne5 18.Qg3 f4 19.Bxf4 Nxd3 20.Qxd3 Qxf4 21.Ne3 Qxd6 22.Rad1 Re5
23.Ng4 Re6 24.h3 Rf8 25.Qd2 Qf4 26.Qxf4 Rxf4 27.Ne5 d6 28.Nd3 Rfe4 29.f3 Rxe1+
30.Rxe1 Rxe1+ 31.Nxe1 a5 32.Kf2 b4 33.Ke3 Kf7 34.f4 Ba6 35.Nf3 h6 36.Nh2 Bc4
37.a3 bxa3 38.bxa3 Ba6 39.Ng4 Kg7 40.Nh2 Bb7 41.g3 Bc8 42.g4 Kf6 43.h4 h5
44.gxh5 gxh5 45.Nf1 Bf5 46.Ng3 Bg6 47.f5 Bxf5 48.Nxh5+ Ke5 49.Ng3 Bc2 50.Ne2 Kf5
51.Ng1 Bd1 52.Nh3 Bh5 53.Nf2 Bg6 54.Nh3 Kg4 55.Ng5 a4 56.Ne6 Kf5 57.Nc7 Ke5
58.Na8 Ke6 59.Nc7+ Ke5 60.Na8 Bf7 61.Nb6 Be8 62.h5 Bxh5 63.Nxa4 Ke6 64.Nb6 Be8
65.a4 Bc6 66.a5 Bb5 67.Kf4 Ba6 68.Ke3 Bf1 69.Kf4 Bb5 70.Ke3 Ba6 71.Kf4 Bb7
72.Ke3 Ke7 73.a6 Bxa6 74.Nxd5+ Kd7 75.Nf4 Kc6 76.Ng6 Bc4 77.Ne7+ Kd7 78.Ng6 Ke6
79.Nh4 Bd5 80.Ng6 Bh1 81.Nf4+ Ke5 82.Nd3+ Kd5 83.Nf4+ Kc4 84.Kd2 Be4 85.Nh3 Kb3
86.Nf2 d5 87.Nd1 Bf3 88.Ne3 Kb2 89.Nc2 Be4 90.Ne3 Kb3 91.Nd1 Bh7 92.Ne3 Bg8
93.Nc2  1/2-1/2

[Event "1st NAO GM"]
[Site "Paris FRA"]
[Date "2003.02.20"]
[Round "8"]
[White "Brochet,P"]
[Black "Nikcevic,N"]
[Result "1/2-1/2"]
[WhiteElo "2407"]
[BlackElo "2468"]

1.e4 c5 2.c3 Nf6 3.e5 Nd5 4.Nf3 e6 5.Bc4 d6 6.d4 cxd4 7.cxd4 Nb6 8.Bd3 dxe5
9.dxe5 Nc6 10.O-O Nb4 11.Be4 Qxd1 12.Rxd1 N4d5 13.a4 a5 14.Nc3 Nxc3 15.bxc3 Bc5
16.Nd2 Bd7 17.Nb3 Be7 18.Be3 Nc4 19.Bc5 Bc6 20.Bxc6+ bxc6 21.f4 Rb8 22.Rab1 f6
23.Nd4 Rxb1 24.Rxb1 fxe5 25.fxe5 Nxe5 26.Rb8+ Bd8 27.Nxe6 Kd7 28.Rxd8+ Rxd8
29.Nxd8 Kxd8 30.Bb6+ Kd7 31.Bxa5 c5 32.Bb6 Kc6 33.Bd8 Nd3 34.Kf1 Nb2 35.a5 Na4
36.Ke2 Nxc3+ 37.Kd3 Nd5 38.Ke4 Nb4 39.Ke5 Kb5 40.Ke6 c4 41.Kf7 Nd3 42.g3 c3
43.Bg5 Ne5+ 44.Kxg7 Nf3 45.Bf4 Nxh2 46.Kxh7 Kxa5 47.Kg6 Kb5  1/2-1/2

[Event "Open"]
[Site "Portsmouth ENG"]
[Date "2003.02.22"]
[Round "4"]
[White "Cherniaev,A1"]
[Black "Gormally,D"]
[Result "1-0"]
[WhiteElo "2504"]
[BlackElo "2479"]

1.e4 c5 2.c3 Nf6 3.e5 Nd5 4.Nf3 e6 5.Bc4 Nc6 6.d4 cxd4 7.cxd4 d6 8.O-O Be7
9.Qe2 O-O 10.Qe4 Nb6 11.Bd3 g6 12.Bh6 Re8 13.Nc3 a6 14.a3 Nd7 15.Rad1 dxe5
16.dxe5 Qa5 17.Rfe1 Bxa3 18.Ra1 Nc5 19.Qe3  1-0

[Event "ch-RUS w 1st League"]
[Site "Serpukhov RUS"]
[Date "2003.02.22"]
[Round "3"]
[White "Donets,V"]
[Black "Mashinskaya,I"]
[Result "1/2-1/2"]
[WhiteElo "2123"]
[BlackElo "2242"]

1.e4 c5 2.c3 Nf6 3.e5 Nd5 4.d4 cxd4 5.Nf3 e6 6.cxd4 d6 7.Bc4 Bd7 8.Bxd5 exd5
9.O-O dxe5 10.Nxe5 Be7 11.Nc3 Bc6 12.Qf3 O-O 13.Be3 Nd7 14.Nxc6 bxc6 15.Rfc1 Rc8
16.Rc2 Nf6 17.Rac1 Qd7 18.Qe2 Rfe8 19.Na4 Ng4 20.Nc5 Qf5 21.Nd3 Nxe3 22.fxe3 Bg5
23.Rf1 Qe4 24.Nf4 Bxf4 25.Rxf4 Qxe3+ 26.Qxe3 Rxe3 27.Kf2 Ree8 28.Rf3 Re4
29.Rfc3 Rxd4 30.Rxc6 Re8 31.Ra6 g5 32.Re2 Rf4+ 33.Ke1 Rfe4 34.Rxe4 Rxe4+
35.Kf2 Re5 36.Rd6  1/2-1/2

[Event "TCh-BEL 2002-3"]
[Site "Belgium BEL"]
[Date "2003.02.23"]
[Round "9"]
[White "Klyuner,V"]
[Black "Timmermans,I"]
[Result "1-0"]
[WhiteElo "2425"]
[BlackElo "2178"]

1.e4 c5 2.c3 Nf6 3.e5 Nd5 4.d4 cxd4 5.Qxd4 e6 6.Nf3 Nc6 7.Qe4 f5 8.Qe2 Be7
9.g3 O-O 10.Bg2 d6 11.O-O Bd7 12.c4 Nb6 13.exd6 Bxd6 14.Rd1 Be7 15.Nc3 Bf6
16.Nb5 Qe7 17.Be3 Na4 18.Rab1 a6 19.Nd6 Rab8 20.Qc2 b5 21.a3 e5 22.cxb5 axb5
23.Nxf5 Bxf5 24.Qxf5 Nd4 25.Nxd4 exd4 26.Bf4 Rb6 27.Re1 Qd8 28.Qd5+ Qxd5
29.Bxd5+ Kh8 30.Bc7 Ra6 31.Red1 Ra7 32.Bf4 g5 33.Bd2 Rc7 34.Be4 Nc5 35.Bb4 Re8
36.Bg2 Na4 37.Bf1 Rc2 38.Bxb5  1-0

[Event "Open"]
[Site "Portsmouth ENG"]
[Date "2003.02.23"]
[Round "5"]
[White "Gormally,D"]
[Black "Lappage,J"]
[Result "1/2-1/2"]
[WhiteElo "2479"]
[BlackElo "2208"]

1.e4 c5 2.c3 Nf6 3.e5 Nd5 4.Nf3 Nc6 5.d4 cxd4 6.cxd4 d6 7.Bc4 Nb6 8.Bb5 dxe5
9.Nxe5 Bd7 10.Nxd7 Qxd7 11.Nc3 Rd8 12.O-O e6 13.a4 a6 14.Bxc6 Qxc6 15.Be3 Bb4
16.Qg4 Kf8 17.Rac1 Bxc3 18.Rxc3 Qd7 19.Bf4 Nd5 20.Rg3 f5 21.Qf3 Nxf4 22.Qxf4 Qxd4
23.Qc7 Qd7 24.Qe5 Rg8 25.h3 Qd6 26.Qe2 g6 27.Re1 Kf7 28.Rb3 Rd7 29.Qe3 Rc8
30.h4 Rc6 31.Qh6 Kg8 32.h5 Qf8 33.Qf4 Qd6 34.Qh6 Qf8 35.Qe3  1/2-1/2

[Event "52nd ch-BUL w"]
[Site "Sofia BUL"]
[Date "2003.02.24"]
[Round "5"]
[White "Besheva,S"]
[Black "Genova,R"]
[Result "0-1"]
[WhiteElo "2157"]
[BlackElo "2233"]

1.e4 c5 2.c3 Nf6 3.e5 Nd5 4.d4 cxd4 5.Nf3 e6 6.cxd4 b6 7.Nc3 Nxc3 8.bxc3 Qc7
9.Bd2 Bb7 10.Bd3 d6 11.O-O Nd7 12.Ng5 dxe5 13.Qh5 g6 14.Qh3 Be7 15.Rae1 Bd5
16.c4 Bxc4 17.Rc1 b5 18.Qf3 O-O 19.Nxf7 Rac8 20.Bxc4 bxc4 21.Nh6+ Kg7 22.Qh3 exd4
23.Qxe6 Qd6 24.Qg4 c3 25.Rfd1 Ne5 26.Qg3 Qf6 27.Be1 Kxh6 28.f4 Nc6 29.Rxc3 Qf5
30.Rcc1 Kg7 31.Bd2 Bf6 32.Qf3 Ne7 33.Qb7 Rxc1 34.Rxc1 Qd3 35.Re1 Qxd2 36.Rxe7+ Bxe7
37.Qxe7+ Rf7 38.Qe5+ Rf6 39.Qe7+ Kh6  0-1